书目信息 |
| 书名: | Reactivity in organic chemistry | |
| 作者: | Gerhard W. Klumpp ; translated from the German by Ludmila Birladeanu. | |
| 分册号: | ||
| 分册名: | 出版地: | New York : |
|
| 出版社: | Wiley | |
| 出版时间: | c1982. | |
| 页数: | xiii, 502 p. : | |
| 开本: | 24 cm. | |
| 丛书名: | ||
| 中图分类号: | ||
| 科图分类号: | ||
| 其他分类号: | O621.25 | |
| 主题词: | ||
| 电子资源: | ||
| 000 | 01110pam 22003130a 4504 | |
| 001 | E0758880675 | |
| 003 | CaOON | |
| 005 | 20070301162256.20 | |
| 008 | 030624s1982 nyua b 0011 eng l | |
| 010 | @a81016437 | |
| 020 | @a0471062855. | |
| 040 | @aDLC@beng@cDLC@dCaOONL | |
| 041 | 1 | @aengger |
| 050 | 00 | @aQD476@b.K5413 1982 |
| 082 | 0 | @a547.1/3 |
| 090 | @aP44/W174 | |
| 090 | @aO621.25 | |
| 099 | @dO621.25@ex7 | |
| 100 | 1 | @aKlumpp, G. W. |
| 240 | 10 | @aReaktivit鑑t in der organischen Chemie.@lEnglish. |
| 245 | 10 | @aReactivity in organic chemistry / @cGerhard W. Klumpp ; translated from the German by Ludmila Birladeanu. |
| 260 | 0 | @aNew York :@bWiley,@cc1982. |
| 300 | @axiii, 502 p. :@bill. ;@c24 cm. | |
| 500 | @a"A Wiley-Interscience publication." | |
| 500 | @aTranslation of: Reaktivit鑑t in der organischen Chemie. | |
| 504 | @aIncludes bibliographical references and index. | |
| 650 | 0 | @aChemistry, Physical organic. |
| 650 | 0 | @aReactivity (Chemistry). |
| 765 | 0 | @aKlumpp, Gerhard W.@tReaktivit鑑t in der organischen Chemie.@w(DLC) 78352017. |
| Reactivity in organic chemistry / / Gerhard W. Klumpp ; translated from the German by Ludmila Birladeanu.-New York : : Wiley, , c1982. |
| xiii, 502 p. : : ill. ; ; 24 cm. |
| "A Wiley-Interscience publication." .-Translation of: Reaktivit鑑t in der organischen Chemie.-Includes bibliographical references and index. |
| ISBN 0471062855. |
| ● |
| 相关链接 |
|
|
|
|
正题名:Reactivity in organic chemistry
索取号:O621.25/x7
 
预约/预借
| 序号 | 登录号 | 条形码 | 馆藏地/架位号 | 状态 | 备注 |
| 1 | 181998 | 000635487 | 第二样本阅览室/ [索取号:O621.25/x7] | 在馆 | |
| 2 | 181999 | 000635441 | 第四借阅区/ [索取号:O621.25/x7] | 在馆 | |
| 3 | 182000 | 000635450 | 第四借阅区/ [索取号:O621.25/x7] | 在馆 | |
| 4 | 182002 | 000635478 | 第四借阅区/ [索取号:O621.25/x7] | 在馆 | |
| 5 | 182170 | 000635432 | 第四借阅区/ [索取号:O621.25/x7] | 在馆 |